000 00653nam a2200253Ia 4500
003 OSt
005 20220918184601.0
006 a|||||r|||| 00| 0
007 ta
008 220917b |||||||| |||| 00| 0 eng d
024 _a47,187
037 _cTextual
040 _aARTS
_cARTS
_beng
041 _2eng
_aeng
082 _aP, K52 (PD)
100 _aKwant Remy C
_966107
245 0 _aPhenomenology of language
260 _aPittsburgh
_bDuquesne Univ Press
_c1965
300 _axii,276p.
_ccm.
500 _aBib 265-70p
650 _aLINGUISTICS
942 _hP, K52 (PD)
_cTEXL
_2CC
999 _c177056
_d177056